000 00298nam a22001337a 4500
082 _a494
_bGUP/C
100 _aGUPTA, PARAS
245 _aCUET - HINDI
246 _aCUET - HINDI
_bCUET - HINDI
260 _aNEW DELHI
_bINTER UNIVERSITY PRESS
_c2024
300 _a164
650 _aHINDI
942 _cBK
999 _c8940
_d8940